[Event "Cacoal op"]
[Site "Cacoal"]
[Date "2025.03.01"]
[Round "3"]
[White "Lima, Heracles Alencar Fr"]
[Black "Lourenco, Vanda Goncalves"]
[Result "1-0"]
[WhiteElo "1800"]
[BlackElo "1508"]
[PlyCount "81"]
[EventDate "2025.02.28"]
[EventType "swiss"]
[EventRounds "6"]
[EventCountry "BRA"]
[SourceTitle "CB12_2025"]
[SourceDate "2025.03.19"]
[SourceVersion "1"]
[SourceVersionDate "2025.03.19"]
[SourceQuality "1"]

1. c4 e6 2. g3 d5 3. Nf3 Bc5 4. Bg2 b6 5. 0-0 Bb7 6. d4 Be7 7. Nc3 Nf6 8. Re1 Bb4 9. Qa4+ Nc6 10. a3 Bxc3 11. bxc3 0-0 12. Bg5 Na5 13. cxd5 Qxd5 14. Bxf6 gxf6 15. e4 Qh5 16. Nh4 e5 17. Qc2 Nc6 18. Bf3 Qg5 19. Nf5 exd4 20. h4 Qg6 21. cxd4 Rfe8 22. d5 Ne5 23. Qe2 Ba6 24. Qe3 Nc4 25. Qf4 Ne5 26. Red1 c6 27. d6 Nd3 28. Rxd3 Bxd3 29. Ne7+ Rxe7 30. dxe7 Kh8 31. Qd6 Re8 32. Qxd3 f5 33. Qd7 f6 34. exf5 Qf7 35. Re1 Kg7 36. Bxc6 Kh6 37. Qxe8 Qb3 38. Qf8+ Kh5 39. e8Q+ Kg4 40. Qg7+ Kh3 41. Bg2# 1-0